|
|
|
|
| LEADER |
00000cam a2200000 a 4500 |
| 001 |
vtls001347646 |
| 003 |
SK-MaSNL |
| 005 |
20260301070253.0 |
| 008 |
240226s1998 xo ra 000 f slo |
| 015 |
|
|
|a SNBA1999/01-00180
|
| 020 |
|
|
|a 8088915031
|
| 035 |
|
|
|a SNK000300912
|
| 035 |
|
|
|a urn:nbn:sk:snk-amkifg
|
| 035 |
|
|
|a urn:nbn:sk:snk-am008h8a
|
| 035 |
|
|
|a F316C40F-D83E-4187-81F7-DE884E05A2D5
|
| 040 |
|
|
|a SNK
|b slo
|a SNK
|e AACR2
|c SNK
|
| 041 |
1 |
|
|a slo
|h eng
|
| 044 |
|
|
|a xo
|c SK
|
| 080 |
|
|
|a 820 (73)-3
|2 1981
|
| 100 |
1 |
|
|a Willett, Sabin,
|d 1957-
|4 aut
|9 194943
|
| 240 |
1 |
4 |
|a The deal
|l Slovensky
|
| 245 |
1 |
0 |
|a Zmluva
|c Sabin Willett ; [z anglického originálu preložila Helena Svobodová]
|
| 260 |
|
|
|a Bratislava
|b Aktuell
|c 1998
|
| 300 |
|
|
|a 469 s.
|c 21 cm
|
| 500 |
|
|
|a Ilustr. na front.
|
| 655 |
|
7 |
|a americké romány
|2 SNKPH
|9 1174
|
| 700 |
1 |
|
|a Svobodová, Helena
|c (prekladateľka)
|4 trl
|9 248855
|
| 919 |
|
|
|a 80-88915-03-1
|
| 954 |
|
|
|a beletria cudzojazyčná (svetová)
|2 lita
|
| 958 |
|
|
|a TL
|
| 958 |
|
|
|a UP
|
| 958 |
|
|
|a NS
|
| 958 |
|
|
|a LX
|
| 958 |
|
|
|a US
|
| 968 |
|
|
|b ENG
|
| 999 |
|
|
|c 633744
|d 635674
|
| 952 |
|
|
|t P60, <03>, [BOOK], {603}
|a SNK
|b SNK
|y PREZ
|7 0
|p 17A0168184
|o snkSC 97097
|i snkKSP 10269/98
|0 0
|1 0
|4 0
|d 1998-11-10
|f 1
|l 0
|r 2025-09-16 00:00:00
|w 2026-02-23
|
| 952 |
|
|
|t P60, <04>, [BOOK], {604}
|a SNK
|b SNK
|y VYP
|7 0
|p 17A0174322
|o snkSC 97097 D1
|i snkKSP 11822/98
|0 0
|1 0
|4 0
|d 1998-12-21
|l 0
|r 2005-01-02 00:00:00
|w 2026-02-23
|